Statistiken für Liedtext - Kling Klang - Keimzeit

Klicken Sie hier um das Quiz zu spielen!

Allgemein

  • Dieses Quiz wurde 95 mal gespielt
  • Das Durchschnittsergebnis liegt bei 204 aus 247

Antwortstatistiken

Textquiz% Korrekt
du
99%
Du
99%
Ich
99%
ich
99%
klang
99%
Kling
99%
kling
99%
Die
97%
die
97%
Und
97%
und
97%
Das
94%
das
94%
der
93%
In
92%
in
92%
zu
92%
Im
90%
Straßen
89%
dir
88%
wie
88%
wir
88%
dich
86%
entlang
86%
deinen
83%
nach
83%
so
82%
es
81%
wieder
81%
Bis
79%
bis
79%
ist
79%
Mund
79%
Steck'
79%
zuckersüßen
79%
dass
78%
einem
78%
Feuerland
78%
Erdnusschips
76%
Hause
76%
nicht
76%
Tüte
76%
Wiener-Walzer-Schritt Ba da dap Bada de del du dau Di du del di dau
76%
Wiener-Walzer-Schritt Bö düm bau Bö büm bap ba da bum ba da baum Bu del di dau
76%
An
75%
bunt
75%
Fotografier'
75%
halbe
75%
auch
74%
Comic-Heft
74%
Find
74%
Wo
74%
zurück
74%
müssen
72%
uns
72%
Zeit
72%
God
71%
hier
71%
hin
71%
nichts
71%
noch
71%
queen
71%
save
71%
the
71%
was
71%
machen
69%
dann
68%
entartet
68%
kann
68%
leicht
68%
mal
68%
möglich
68%
Schiff
68%
schon
68%
taug'
68%
weit
68%
bitte
67%
England
67%
fliegen
67%
graue
67%
Komm
67%
könnt'
67%
kriegen
67%
Promenade
67%
Seh'
67%
weg
67%
wünschte
67%
Haut
65%
heute
65%
lass
65%
runter
65%
von
65%
denn
64%
Kapitän
64%
Wände
64%
wartet
64%
sagst
63%
Westküste
63%
wirklich
63%
Bloß
61%
Für
61%
lebendig
61%
Tag
61%
überleg'
61%
Graffitis
60%
Kamera
60%
zweimal
60%
Guten
58%
Aus
57%
Augenblick
56%
diesen
53%
Oh
26%
Ding
17%
dong
17%
dong
14%

Verteilung der Resultate

Perzentil nach korrekt beantworteten Fragen

Anzahl Personen mit jedem Resultat

Ihre Resultats-Entwicklung

Sie haben dieses Quiz noch nicht gespielt